INFORM, information for historic building owners (Record no. 108499)
[ view plain ]
| 000 -LEADER | |
|---|---|
| fixed length control field | 01083cad a22002415a 4500 |
| 001 - CONTROL NUMBER | |
| control field | E144418 |
| 008 - FIXED-LENGTH DATA ELEMENTS--GENERAL INFORMATION | |
| fixed length control field | 080717s2008 xxk f 000 0 eng d |
| 035 ## - SYSTEM CONTROL NUMBER | |
| System control number | (Sirsi) u144418 |
| 041 0# - LANGUAGE CODE | |
| Language code of text/sound track or separate title | eng |
| 050 04 - LIBRARY OF CONGRESS CALL NUMBER | |
| Classification number | 690.241 $2 18 |
| 110 2# - MAIN ENTRY--CORPORATE NAME | |
| Corporate name or jurisdiction name as entry element | Historic Scotland |
| 9 (RLIN) | 2914 |
| 245 00 - TITLE STATEMENT | |
| Title | INFORM, information for historic building owners |
| Remainder of title | care and maintenance of corrugated iron |
| Medium | [electronic publication] |
| 260 ## - PUBLICATION, DISTRIBUTION, ETC. | |
| Place of publication, distribution, etc. | Edinburgh |
| Name of publisher, distributor, etc. | Historic Scotland |
| Date of publication, distribution, etc. | 2008 |
| 300 ## - PHYSICAL DESCRIPTION | |
| Extent | [8]p. |
| Other physical details | ill. |
| Dimensions | 21cm. |
| 490 #0 - SERIES STATEMENT | |
| Series statement | Inform |
| 520 ## - SUMMARY, ETC. | |
| Summary, etc. | Since it was first patented in 1828, corrugated iron has been used frequently in historic construction. This leaflet gives some background to its uses and characteristics, and offers advice on its maintenance and repair. |
| 521 ## - TARGET AUDIENCE NOTE | |
| Target audience note | Introductory |
| 590 ## - LOCAL NOTE (RLIN) | |
| Local note | KA |
| 651 #4 - SUBJECT ADDED ENTRY--GEOGRAPHIC NAME | |
| Geographic name | Scotland |
| Chronological subdivision | 1999- |
| 690 ## - LOCAL SUBJECT ADDED ENTRY--TOPICAL TERM (OCLC, RLIN) | |
| Topical term or geographic name as entry element | BUILT ENVIRONMENT-BUILDING TYPES-ANCIENT MONUMENTS AND HISTORIC BUILDINGS |
| 856 41 - ELECTRONIC LOCATION AND ACCESS | |
| Uniform Resource Identifier | <a href="https://www.historic-scotland.gov.uk/publicationsresultsdetail.htm?id=496aa4557">https://www.historic-scotland.gov.uk/publicationsresultsdetail.htm?id=496aa4557</a> |
| Public note | View the leaflet free of charge at www.historic-scotland.gov.uk... |
| 942 ## - ADDED ENTRY ELEMENTS (KOHA) | |
| Suppress in OPAC | 0 |
| Withdrawn status | Lost status | Source of classification or shelving scheme | Damaged status | Not for loan | Home library | Current library | Shelving location | Date acquired | Total Checkouts | Full call number | Barcode | Date last seen | Copy number | Price effective from | Koha item type |
|---|---|---|---|---|---|---|---|---|---|---|---|---|---|---|---|
| Dewey Decimal Classification | Virtual | Virtual | Online | 12/01/2009 | ONLINE PUBLICATION | 144418-3001 | 06/08/2019 | 1 | 06/08/2019 | Book |